000 00205 a2200097 4500
001 19359
100 _aLange, F H
245 _aCorrelation Techniques
260 _a
_bIliffe Book
_c
090 _c14214
_d14214
942 _aNUST-CAE
_cM
_c4686
999 _c254432
_d254432